[Event "VIE-ch U09 Girls"]
[Site "Ho Chi Minh City"]
[Date "2014.07.17"]
[Round "8"]
[White "Hua, Bao Chau"]
[Black "Le, Tran Phuong Quyen"]
[Result "1-0"]
[WhiteElo "1599"]
[BlackElo "1559"]
[PlyCount "61"]
[EventDate "2014.07.13"]
[EventType "swiss"]
[EventRounds "9"]
[EventCountry "VIE"]
[SourceTitle "EXT 2016"]
[Source "ChessBase"]
[SourceDate "2015.10.08"]
[SourceVersion "1"]
[SourceVersionDate "2015.10.08"]
[SourceQuality "1"]

1. e4 e5 2. Nf3 Nc6 3. Nc3 Nf6 4. d4 exd4 5. Nxd4 Bc5 6. Nxc6 dxc6 7. Qxd8+ Kxd8 8. Bc4 Be6 9. Bxe6 fxe6 10. e5 Nd5 11. Nxd5 cxd5 12. Bg5+ Kd7 13. 0-0-0 Bxf2 14. Rhf1 Bb6 15. Rf7+ Ke8 16. Rxg7 h6 17. Bh4 Kf8 18. Re7 c6 19. Rf1+ Kg8 20. Rxe6 Rh7 21. Rg6+ Kh8 22. Bf6+ Rg7 23. Bxg7+ Kh7 24. Rg4 Re8 25. Rf7 Be3+ 26. Kb1 Kg8 27. Rxb7 a6 28. Bf6+ Kf8 29. Rh7 a5 30. Rgg7 h5 31. Rh8# 1-0